| 000 | 00499nam a2200217Ia 4500 | ||
|---|---|---|---|
| 005 | 20250425162525.0 | ||
| 008 | 250425s9999 xx 000 0 und d | ||
| 020 | _a8448113861 | ||
| 041 | _aspa | ||
| 082 | _a541 | ||
| 100 | _aWHITTEN, KENNETH W. | ||
| 245 | 0 | _aQUÍMICA GENERAL | |
| 250 | _a5A ED. | ||
| 260 |
_aEspaña _bMCGRAW - HILL _c1998 |
||
| 260 | _aMADRID | ||
| 300 | _a1121 | ||
| 650 | _aQUIMICA GENERAL | ||
| 650 | _aTERMODINAMICA QUIMICA | ||
| 942 | _c01 | ||
| 010 | _a81600 | ||
| 999 |
_c230953 _d230953 |
||